GETS Theological Seminary Library

Between experience and interpretation : (Record no. 701)

MARC details
000 -LEADER
fixed length control field 00676nam a2200193Ia 4500
008 - FIXED-LENGTH DATA ELEMENTS--GENERAL INFORMATION
fixed length control field 200731s9999 xx 000 0 und d
020 ## - INTERNATIONAL STANDARD BOOK NUMBER
International Standard Book Number 0687647398
020 ## - INTERNATIONAL STANDARD BOOK NUMBER
International Standard Book Number 9780687647392  
041 ## - LANGUAGE CODE
Language code of text/sound track or separate title eng
050 ## - LIBRARY OF CONGRESS CALL NUMBER
Classification number BS2393
Item number .B48 2008
100 ## - MAIN ENTRY--PERSONAL NAME
Personal name Foskett, Mary F.
245 ## - TITLE STATEMENT
Title Between experience and interpretation :
Remainder of title engaging the writings of the New Testament /
Statement of responsibility, etc. Mary F. Foskett, O. Wesley Allen Jr., Luke Timothy Johnson
260 ## - PUBLICATION, DISTRIBUTION, ETC.
Place of publication, distribution, etc. Nashville :
Name of publisher, distributor, etc. Abingdon Press,
Date of publication, distribution, etc. 2008
300 ## - PHYSICAL DESCRIPTION
Extent xvi, 262 p. :
Other physical details ill. ;
Dimensions 28 cm.
650 ## - SUBJECT ADDED ENTRY--TOPICAL TERM
Topical term or geographic name entry element Bible. New Testament Criticism, interpretation, etc.
700 ## - ADDED ENTRY--PERSONAL NAME
Personal name Allen, O. Wesley Jr.
700 ## - ADDED ENTRY--PERSONAL NAME
Personal name Johnson, Luke Timothy
Holdings
Withdrawn status Lost status Damaged status Not for loan Home library Current library Shelving location Date acquired Total Checkouts Full call number Barcode Date last seen Price effective from Koha item type
        GETS Theological Seminary Library GETS Theological Seminary Library General Stacks 07/12/2020   BS2393 .B48 2008 00000655 07/12/2020 07/12/2020 English Books
OpacCredits

Contact the Librarian, GETS Library
Email: library@mygets.org









Implemented by GETS Library
(Powered by ETCA Professional Group)
GETS Theological Seminary
412 E. Rowland Street, CA 91723